| 000 | 00397nam a22001697a 4500 | ||
|---|---|---|---|
| 005 | 20160531130027.0 | ||
| 008 | 160531b xxu||||| |||| 00| 0 eng d | ||
| 020 | _a81-7023-334-8 | ||
| 041 | _aeng | ||
| 082 | _b6397 | ||
| 100 |
_aMehta, D.S. _91593 |
||
| 245 | _aPublic Relations in India | ||
| 260 |
_bAllied Publishing Ltd _c2001 |
||
| 300 | _a315 | ||
| 650 |
_aManagement _9241 |
||
| 942 | _cBK | ||
| 999 |
_c2249 _d2248 |
||